Statistics for Fast Typing Digits of Phi

Click here to take the quiz!

General Stats

  • This quiz has been taken 47 times
  • The average score is 19 of 41

Answer Stats

Answer% Correct
1
100%
1
81%
6
81%
0
71%
3
71%
3
71%
8
71%
8
67%
8
67%
9
67%
4
62%
7
62%
9
57%
4
48%
4
48%
4
48%
8
48%
8
48%
9
48%
0
43%
2
43%
5
43%
6
43%
8
43%
8
43%
8
43%
3
33%
3
33%
4
33%
6
33%
0
29%
3
29%
3
29%
5
29%
6
29%
1
24%
1
24%
2
24%
7
24%
7
24%
8
24%

Score Distribution

Percentile by Number Answered

Percent of People with Each Score

Your Score History

You have not taken this quiz